1459 1708 1339 1160 1448 1956 1086 1746 1520 1873 1094 1345 1264 1702 1075 1758 1103 1940 1806 1364 1493 1563 1251 1140 1832 1400 1319 1870 1391 1005 1468 1000 1229 1014 1041 1289 1699 1113 1161 1723 1267 1919 1868 1169 1359 1726 1939 1399 1667 1203 1792 1242 1344 1442 1611 1497 1286 1463 1203 1413 1808 1390 1866 1916 1202 1240 1611 1486 1839 1460 1091 1327 1373 1532 1423 1140 1083 1979 1320 1481 1012 1517 1204 1579 1930 1494 1998 1398 1611 1948 1875 1265 1618 1908 1137 1460 1111 1774 1980 BCNSPRNW ULIB Ver.6.0+V

เปลี่ยนเป็นภาษาไทย

Change to English
 แสดงรายละเอียดบรรณานุกรม
  กลับหน้าหลัก

Brief Record : Get Marc (ISO 2709) : E-mail record : QR code < ปิดหน้าต่าง
LEADER : 00000nam 2200000uu 4500
001    13399129215
003     ULIB
008    260511s2025||||th 000 0 tha d
020    ^a9781975236311
060  0 ^aWY157.3^bR491E
100 1  ^aRicci, Susan scott.
245 1  ^aEssentials of maternity, newborn, & women s health nursing /^cSusan Scott Ricci.
246 3  ^aEssentials of maternity, newborn, and women s health nursing
250    ^aa6th ed.
260    ^aPhiladelphia :^bWolters Kluwer, ^c2025.
300    ^axvii, 843 p. :^bill. ;^c28 cm.
505 2  ^a^tPerspectives on Maternal, Newborn, and Women s Health Care -- Family-Centered Community-Based Care -- Anatomy and Physiology of the Female Reproductive System -- Common Gynecologic Issues -- Sexually Transmitted Infections -- Disorders of the Breasts -- Benign Disorders of the Female Reproductive Tract -- Cancers of the Female Reproductive Tract -- Violence and Abuse -- Fetal Development and Genetics -- Maternal Adaptation During Pregnancy -- Nursing Management During Pregnancy -- Labor and Birth Process -- Nursing Management During Labor and Birth -- Postpartum Adaptations -- Nursing Management During the Postpartum Period -- Newborn Transitioning -- Nursing Management of the Newborn -- Nursing Management of Pregnancy at Risk : Pregnancy-Related Complications -- Nursing Management of the Pregnancy at Risk : Selected Health Conditions and Vulnerable Populations -- Nursing Management of Labor and Birth at Risk -- Nursing Management of the Postpartum Patient at Risk -- Nursing Care of the Newborn with Special Needs -- Nursing Management of the Newborn at Risk : Congenital and Acquired Newborn Conditions.
650  2 ^aMaternal-Child Nursing^xnursing
650  2 ^aObstetric Nursing
650  2 ^aPregnancy Complications
650  2 ^aPregnancy^xComplications
650 0   ^aGynecologic nursing.
650 0   ^aMaternal-Child Nursing.
650 0   ^aMaternity nursing.
650 0   ^aObstetrical Nursing.
650 0   ^aPregnancy Complications^xNursing
999    ^aประนอม เกษจรัล
รายการนี้ยังไม่มีแท็ก
คุณยังไม่ได้ล็อกอิน คุณสามารถมีกิจกรรมร่วมกับเว็บไซต์ได้ แต่ต้องล็อกอินก่อน ::
  ล็อกอิน

รายการสื่อสารสนเทศ

ลำดับที่ ประเภท เลขเรียก/บาร์โค้ด สถานที่ สถานะ
1. Book การพยาบาล
หนังสือสำรอง
สถานะ=หนังสือสำรอง
WY157.3 R491E ฉ.1 
  Barcode: 012201
ห้องสมุดวิทยาเขตสวรรค์ประชารักษ์
►หนังสือทั่วไป
บนชั้น

รายการใกล้เคียง
    ผู้แต่ง [Ricci, Susan scott.]

    หัวเรื่อง [Obstetric Nursing]
    หัวเรื่อง [Pregnancy Complications]
    หัวเรื่อง [Pregnancy Complications]
    หัวเรื่อง [Maternity nursing.]
    หัวเรื่อง [Pregnancy Complications Nursing]

BibComment


ยังไม่เคยถูกคอมเมนท์

คอมเมนท์ทรัพยากรรายการนี้
  คอมเมนท์: Essentials of ma..


 Copyright 2026. Bcnsprnw @Library